Marketing (Record no. 4055)

MARC details
005 - DATE AND TIME OF LATEST TRANSACTION
control field 20250614082701.0
020 ## - INTERNATIONAL STANDARD BOOK NUMBER
International Standard Book Number 978-1-285-09186-0
082 ## - DEWEY DECIMAL CLASSIFICATION NUMBER
Classification number LECT 658.8 LAM
100 ## - MAIN ENTRY--PERSONAL NAME
Author name LAMB, C. W.
245 ## - TITLE STATEMENT
Title Marketing
260 ## - PUBLICATION, DISTRIBUTION, ETC.
Place of publication, distribution, etc. South-Western,
Name of publisher, distributor, etc. Cengage Learning,
Date of publication, distribution, etc. 2014.
300 ## - PHYSICAL DESCRIPTION
Extent xiv, 385p.: ill.; picture, table.
Other physical details Index.
Dimensions 28cm.
700 ## - ADDED ENTRY--PERSONAL NAME
Other authors/Editors HAIR, J. F. & DANIEL, C. M.
856 ## - ELECTRONIC LOCATION AND ACCESS
Link text Access online book
Electronic name Marketing
Path www.cengage.com
942 ## - ADDED ENTRY ELEMENTS (KOHA)
Source of classification or shelving scheme Dewey Decimal Classification
Koha item type Books
Holdings
Date last seen Total checkouts Full call number Barcode Cost, replacement price Price effective from Koha item type Lost status Source of classification or shelving scheme Damaged status Not for loan Withdrawn status Home library Current library Shelving location Date acquired Cost, normal purchase price Source of acquisition
06/29/2025   LECT 658.8 LAM DOM0004207 135000.00 06/14/2025 Books   Dewey Decimal Classification       CBE Dodoma CBE Dodoma General Collection 11/28/2014 45000.00 Library budget
06/29/2025   658.8GRE DOM0003855 135000.00 06/29/2025 Books   Dewey Decimal Classification       CBE Dodoma CBE Dodoma General Collection 11/28/2014 45000.00  
06/14/2025   LECT 658.8 LAM 00000013023 135000.00 06/14/2025 Books   Dewey Decimal Classification       College of Business Education Main Library College of Business Education Main Library General Collection 11/28/2014 45000.00